000 00683 a2200193 4500
010 _aENG-90158
020 _c500.00
_a8173715858
035 _aEN-73691
037 _bDBAD / PUB
082 1 4 _a003
090 _c12703
_d12703
245 1 _aAdvances in computational optimization and its applications/
_cedited by Kalyanmoy Deb...[et al]
260 _aHyderabad
_bUniversities Press (India)
_c2007
270 _bHyderabad
_e500 029
_a3-6-747/1/A & 3-6-754/1, Himayatnagar,
300 _a212p.
_c24cm (pbk )
500 _aIncludes references
942 _adpl
_cEN
_k 003/ ADV
999 _c12340
_d12340